Statistiques concernant 85 personnages dans Vampire Diaries

Cliquez ici pour prendre le quiz!

Statistiques générales

  • Ce quiz a été pris 5 421 fois
  • Le résultat moyen est 29 sur 85

Statistiques - réponses

réponse% Correct
1Elena Gilbert
96%
5Damon Salvatore
95%
4Stefan Salvatore
93%
3Caroline Forbes
85%
7Jérémy Gilbert
84%
2Bonnie Bennett
83%
8Matt Donovan
72%
10Tyler Lockwood
72%
15Katherine pierce
64%
6Alaric Saltzman
59%
24Elijah Mikaelson
58%
27Rebekah Mikaelson
57%
40Elizabeth Forbes
55%
25Niklaus Mikaelson
55%
9Vicki Donovan
55%
18John Gilbert
54%
26Kol Mikaelson
54%
23Finn Mikaelson
51%
51Lily Salvatore
51%
11Lorenzo St John
49%
30Mikael
49%
62Carol Lockwood
48%
34Emily Bennett
48%
64Mason Lockwood
47%
50Giuseppe Salvatore
46%
21Miranda Gilbert
46%
41Bill Forbes
45%
35Sheila Bennett
45%
20Grayson Gilbert
44%
36Abby Bennett
42%
17Jonathan Gilbert
42%
49Silas
41%
67Anna
38%
63Richard Lockwood
38%
28Henrik Mikaelson
37%
61Kelly Donovan
36%
46Liv Parker
36%
39Lucy Bennett
36%
45Malachai Parker
36%
42Josie Saltzman
35%
43Lizzie Saltzman
35%
47Luke Parker
35%
33Beatrice Bennett
34%
69Sybil
30%
13Amara
29%
16Nadia Petrova
29%
29Esther
28%
72Hayley Marshall
28%
19Isobel Flemming
26%
54Mary Louise
26%
66Pearl
26%
73Rose
26%
80Logan Fell
23%
79Meredith Fell
23%
65Julia
20%
14Tatia
20%
12Lexi Branson
19%
70Seline
18%
52Valerie Tulle
18%
53Nora Hildegard
17%
31Qetsiyah
17%
55Beau
16%
44Josette Laughlin
15%
22Jenna Summers
14%
58Julian
13%
77Atticus Shane
12%
85Aaron Whitmore
11%
82Luka Martin
11%
78Andie Star
9%
56Oscar
9%
68Arcadius
8%
83Greta Martin
8%
81Jonas Martin
8%
57Malcolm
8%
74Trevor
8%
84Whitmore
8%
71Sage
7%
60Peter Maxwell
6%
59Ethan Maxwell
5%
32Ayanna
4%
75Bree
4%
76Gloria
4%
48Joshua Parker
4%
37Jamie Wilson
3%
38Rudy Hopkins
3%

Distribution des résultats

Percentile par nombre de réponses

% des personnes avec chaque résultat

Votre développement - résultats

Vous n’avez pas pris ce quiz